| 000 | 02185cam a22005174i 4500 | ||
|---|---|---|---|
| 003 | PE-LiUPU | ||
| 005 | 20250731170412.0 | ||
| 008 | 160719s2011 r 000 0 spa d | ||
| 020 | _a9786123026202 | ||
| 020 | _a6123026208 | ||
| 035 | _a(Sirsi) a162293 | ||
| 082 | 0 | 4 |
_a153.4 _bP78 |
| 100 | 1 |
_aPortocarrero Rey, Cristina, _eautor. |
|
| 245 |
_aTest esquema guía del lenguaje pictográfico evolutivo de niños y adultos : _bmedición de su desarrollo y ayuda diagnóstica / _cCristina Portocarrero Rey. |
||
| 264 |
_aPerú : _bSan Marcos, _c2011. |
||
| 300 |
_a86 páginas : _bilustraciones ; _c24 centímetros |
||
| 504 | _aBibliografía : página 77. | ||
| 505 | 0 | _aFicha técnica del Tegna: datos referenciales -- Breve sustentación teórica -- Presesntación gráfico - visual del test esquema guía del lenguaje pictográfico evolutivo de niños y adultos (Tegna) y referencias visuales sobre la figura humana y casita universal evolutivas -- Utilización de fichas de calificación por edades -- El test esquema guía del lenguaje pictográfico evolutivo en niños y adultos (Tegna), como ayuda diagnóstica -- Aplicación del test en los dibujos a cualquier edad -- Pictografías con calificación excepcional. | |
| 526 | _aSEG68 | ||
| 526 | _aSEG70 | ||
| 526 | _aSEG69 | ||
| 526 | _aSEG67 | ||
| 526 | _aSEG43 | ||
| 526 | _aP144 | ||
| 526 | _aP143 | ||
| 526 | _aP131 | ||
| 526 | _aP122 | ||
| 526 | _aP120 | ||
| 526 | _aP117 | ||
| 526 | _aP112 | ||
| 526 | _aP110 | ||
| 526 | _aP106 | ||
| 526 | _aP101 | ||
| 526 | _aP80 | ||
| 526 | _aP59 | ||
| 526 | _aP54 | ||
| 526 | _aP35 | ||
| 526 | _aP33 | ||
| 526 | _aP30 | ||
| 541 | _g001-000126; | ||
| 650 | 0 | 4 | _aLenguaje pictográfico. |
| 942 |
_2ddc _cBOOK |
||
| 949 |
_a153.4 P78 _wDEWEY _c1 _i74174 _lCATALOGING _mBUL _p7.00 _r0 _sY _tBOOK _u18/07/16 _xEDUCACION _PP20 _o.STAFF. Colección General _0compra |
||
| 596 | _a1 | ||
| 999 |
_a153.4 P78 _wDEWEY _c11266 _i74174 _d11266 _e2019-9-22 _f2021-11-3 _g5 _lCCODEBUL1 _mBUL _n6 _p7.00 _q1 _r0 _sY _tBOOK _u2016-7-19 _xSALUD _PP20 _0COMPRA _o.STAFF. Colección General |
||
| 980 |
_81 _gALBERTO SANCHEZ Responsable de Automatización |
||